| 000 | 00394nam a2200133Ia 4500 | ||
|---|---|---|---|
| 008 | 181022s9999 xx 000 0 und d | ||
| 020 | _a9789814763844 | ||
| 100 | _aMoore, John W. | ||
| 245 |
_cJohn W. Moore, Conrad L. Stanitski.-- _aChemistry : _bthe molecular science / |
||
| 250 | _a5th ed | ||
| 260 |
_aUSA : _bCengage learning _c2016 |
||
| 300 | _axxxvi, 8931 pages. | ||
| 650 | _aChemistry. | ||
| 999 |
_c359291 _d359291 |
||